Threefold service wins out (Record no. 70961)
[ view plain ]
| 000 -LEADER | |
|---|---|
| fixed length control field | 01299cam a2200241 4500 |
| 001 - CONTROL NUMBER | |
| control field | WB3830-15 |
| 008 - FIXED-LENGTH DATA ELEMENTS--GENERAL INFORMATION | |
| fixed length control field | 020815n2002 000 0 eng u |
| 035 ## - SYSTEM CONTROL NUMBER | |
| System control number | (Sirsi) u119346 |
| 245 ## - TITLE STATEMENT | |
| Title | Threefold service wins out |
| 260 ## - PUBLICATION, DISTRIBUTION, ETC. | |
| Date of publication, distribution, etc. | 2002 |
| 490 ## - SERIES STATEMENT | |
| Series statement | Estates Gazette |
| Volume/sequential designation | (0232) 10 August 2002, 85(1) |
| 520 ## - SUMMARY, ETC. | |
| Summary, etc. | Discusses the issues that arose from "Bluden v Frogmore Investments Ltd" relating to the service of notices between landlord and tenant and the tragic events caused by the terrorist bombing of the Arndale Centre, Manchester. The landlord's had to serve section 25 notices to get the tenants to surrender their leases as they were protected under the Landlord and Tenant Act 1954. In the case being considered the issue for the CA was whether the landlord had successfully served the termination notices given the fact that the tenant had not received the notices or was able to gain access to the premises. |
| 590 ## - LOCAL NOTE (RLIN) | |
| Local note | WB |
| 650 ## - SUBJECT ADDED ENTRY--TOPICAL TERM | |
| Topical term or geographic name entry element | BLUDEN V FROGMORE INVESTMENTS LTD |
| 650 ## - SUBJECT ADDED ENTRY--TOPICAL TERM | |
| Topical term or geographic name entry element | ARNDALE SHOPPING CENTRE |
| 650 ## - SUBJECT ADDED ENTRY--TOPICAL TERM | |
| Topical term or geographic name entry element | MANCHESTER |
| 650 ## - SUBJECT ADDED ENTRY--TOPICAL TERM | |
| Topical term or geographic name entry element | SERVING NOTICES |
| 650 ## - SUBJECT ADDED ENTRY--TOPICAL TERM | |
| Topical term or geographic name entry element | LANDLORD AND TENANT ACT 1954 |
| 650 ## - SUBJECT ADDED ENTRY--TOPICAL TERM | |
| Topical term or geographic name entry element | LAW OF PROPERTY ACT 1925 |
| 650 ## - SUBJECT ADDED ENTRY--TOPICAL TERM | |
| Topical term or geographic name entry element | COMMERCIIAL UNION LIFE ASSURANCE LTD V MOUSTAFA |
| 690 ## - LOCAL SUBJECT ADDED ENTRY--TOPICAL TERM (OCLC, RLIN) | |
| Topical term or geographic name as entry element | LANDLORD AND TENANT-LEASES-CASE LAW |
| 942 ## - ADDED ENTRY ELEMENTS (KOHA) | |
| Suppress in OPAC | 0 |
| Withdrawn status | Lost status | Source of classification or shelving scheme | Damaged status | Not for loan | Home library | Current library | Shelving location | Date acquired | Total Checkouts | Full call number | Barcode | Date last seen | Copy number | Price effective from | Koha item type |
|---|---|---|---|---|---|---|---|---|---|---|---|---|---|---|---|
| Dewey Decimal Classification | London | London | News article | 15/08/2002 | WB3830-15 | 119346-1001 | 06/08/2019 | 1 | 06/08/2019 | News article |